000
00314nam a2200133Ia 4500
005
20251222144836.0
008
251222s9999||||xx |||||||||||||| ||spa||
020
_a
84-86987-91-1
082
_a
226.4/G24
100
_a
García Pérez, José Miguel
245
0
_a
San Lucas:
264
_b
Ciudad Nueva
942
_c
LIB
999
_c
21039
_d
21039